[Event "Brno REDA IM"]
[Site "Brno"]
[Date "2006.07.07"]
[Round "9"]
[White "Andonov, Bogomil"]
[Black "Pestov, Sergei M"]
[Result "1/2-1/2"]
[WhiteElo "2416"]
[BlackElo "2374"]
[PlyCount "130"]
[EventDate "2006.06.30"]
[EventType "tourn"]
[EventRounds "11"]
[EventCountry "CZE"]
[EventCategory "1"]
[SourceTitle "CBM 113 Extra"]
[Source "ChessBase"]
[SourceDate "2006.09.14"]
[SourceVersion "1"]
[SourceVersionDate "2006.09.14"]
[SourceQuality "1"]

1. d4 e6 2. g3 c5 3. Nf3 b5 4. e4 cxd4 5. Nxd4 a6 6. Bg2 Bb7 7. 0-0 Qc7 8. Re1 Ne7 9. Nc3 Ng6 10. a4 b4 11. Na2 Nc6 12. Nxc6 Bxc6 13. Bd2 Qb7 14. c3 a5 15. cxb4 axb4 16. b3 h5 17. Rc1 h4 18. f4 hxg3 19. hxg3 Qb6+ 20. Be3 Qa5 21. Bf3 Rb8 22. Kg2 f5 23. e5 Qa8 24. Bxc6 dxc6 25. Qf3 Ne7 26. Rh1 Rxh1 27. Rxh1 Nd5 28. Bf2 c5 29. Qh5+ Kd7 30. Rd1 Be7 31. Qf3 Rh8 32. Kg1 Kc7 33. Rc1 Qc6 34. Rc2 Kb7 35. Nc1 Nc3 36. Qxc6+ Kxc6 37. Be1 Ne4 38. Nd3 Kd5 39. Nb2 g5 40. Nc4 Kd4 41. a5 Ra8 42. Kf1 Kd3 43. Rh2 gxf4 44. gxf4 Bd8 45. Re2 Bxa5 46. Nb2+ Kd4 47. Rh2 Bd8 48. Rh3 Kd5 49. Nc4 Kd4 50. Ke2 Ra2+ 51. Bd2 Nc3+ 52. Kf3 Be7 53. Kg2 Ra1 54. Kf2 Rb1 55. Na5 Ne4+ 56. Ke2 Nxd2 57. Kxd2 Ke4 58. Nc6 Bf8 59. Nd8 Rb2+ 60. Kc1 Rf2 61. Nxe6 Be7 62. Rh7 Kd3 63. Rh3+ Ke4 64. Rh7 Kd3 65. Rh3+ Ke4 1/2-1/2

[Event "Brno REDA IM"]
[Site "Brno"]
[Date "2006.07.02"]
[Round "3"]
[White "Pestov, Sergei M"]
[Black "Tuma, Jiri"]
[Result "1/2-1/2"]
[WhiteElo "2374"]
[BlackElo "2292"]
[PlyCount "103"]
[EventDate "2006.06.30"]
[EventType "tourn"]
[EventRounds "11"]
[EventCountry "CZE"]
[EventCategory "1"]
[SourceTitle "CBM 113 Extra"]
[Source "ChessBase"]
[SourceDate "2006.09.14"]
[SourceVersion "1"]
[SourceVersionDate "2006.09.14"]
[SourceQuality "1"]

1. c4 e6 2. Nf3 d5 3. g3 c6 4. Qc2 Nf6 5. d4 Bd6 6. Nbd2 Nbd7 7. Bg2 Qe7 8. 0-0 0-0 9. e4 Nxe4 10. Nxe4 dxe4 11. Qxe4 e5 12. Re1 f5 13. Qc2 e4 14. Ng5 Nf6 15. Nh3 h6 16. f3 Qf7 17. fxe4 fxe4 18. Bf4 Bxf4 19. Nxf4 Bf5 20. Rad1 Rad8 21. d5 cxd5 22. cxd5 Nxd5 23. Bxe4 Nxf4 24. Rxd8 Nh3+ 25. Kg2 Bxe4+ 26. Qxe4 Rxd8 27. Kxh3 Qh5+ 28. Qh4 Qf5+ 29. Qg4 Qxg4+ 30. Kxg4 Rd2 31. Re7 Rxb2 32. h4 a5 33. h5 b5 34. Re5 a4 35. Rf5 a3 36. Kh3 b4 37. Rf4 Rb1 38. Rf2 b3 39. axb3 Rxb3 40. Rf5 Rc3 41. Ra5 Kf7 42. Ra6 Ke7 43. Rg6 a2 44. Rxg7+ Kd6 45. Ra7 Rc2 46. g4 Ke5 47. Ra4 Kd5 48. g5 Rc3+ 49. Kg2 Rc2+ 50. Kg3 Rc3+ 51. Kg2 Rc2+ 52. Kg3 1/2-1/2

[Event "Brno REDA IM"]
[Site "Brno"]
[Date "2006.07.01"]
[Round "2"]
[White "Damia, Angelo"]
[Black "Pestov, Sergei M"]
[Result "1-0"]
[WhiteElo "2183"]
[BlackElo "2374"]
[PlyCount "59"]
[EventDate "2006.06.30"]
[EventType "tourn"]
[EventRounds "11"]
[EventCountry "CZE"]
[EventCategory "1"]
[SourceTitle "CBM 113 Extra"]
[Source "ChessBase"]
[SourceDate "2006.09.14"]
[SourceVersion "1"]
[SourceVersionDate "2006.09.14"]
[SourceQuality "1"]

1. e4 e6 2. d4 d5 3. Nc3 Bb4 4. exd5 exd5 5. Qf3 Qe7+ 6. Nge2 Nc6 7. Qxd5 Nf6 8. Qb5 0-0 9. Be3 Ng4 10. Qd3 Qf6 11. Ng3 Re8 12. Be2 Nxe3 13. fxe3 Qg5 14. 0-0 Bxc3 15. Qxc3 Rxe3 16. Bd3 Be6 17. Rae1 Rxe1 18. Qxe1 Qg4 19. Ne4 Rd8 20. h3 Qh5 21. Qg3 Qh6 22. Qxc7 Qe3+ 23. Kh1 Rc8 24. Qxb7 Nxd4 25. Qxa7 f5 26. Nc3 Nxc2 27. Qxe3 Nxe3 28. Rf3 Nd5 29. Bxf5 Nc7 30. Nd5 1-0

[Event "Brno REDA IM"]
[Site "Brno"]
[Date "2006.06.30"]
[Round "1"]
[White "Pestov, Sergei M"]
[Black "Kozak, Milos"]
[Result "1/2-1/2"]
[WhiteElo "2374"]
[BlackElo "2230"]
[PlyCount "24"]
[EventDate "2006.06.30"]
[EventType "tourn"]
[EventRounds "11"]
[EventCountry "CZE"]
[EventCategory "1"]
[SourceTitle "CBM 113 Extra"]
[Source "ChessBase"]
[SourceDate "2006.09.14"]
[SourceVersion "1"]
[SourceVersionDate "2006.09.14"]
[SourceQuality "1"]

1. c4 c6 2. Nf3 d5 3. b3 Bg4 4. Ne5 Bf5 5. e3 f6 6. Nf3 e5 7. Bb2 Bd6 8. a3 Ne7 9. d3 0-0 10. Nbd2 Nd7 11. Nh4 Be6 12. Qc2 Rc8 1/2-1/2

[Event "Brno DS"]
[Site "Brno"]
[Date "2005.07.07"]
[Round "8"]
[White "Pestov, Sergei M"]
[Black "Bartos, Jan"]
[Result "1-0"]
[WhiteElo "2370"]
[BlackElo "2293"]
[PlyCount "41"]
[EventDate "2005.06.30"]
[EventType "tourn"]
[EventRounds "11"]
[EventCountry "CZE"]
[EventCategory "2"]
[SourceTitle "CBM 107 Extra"]
[Source "ChessBase"]
[SourceDate "2005.09.01"]
[SourceVersion "1"]
[SourceVersionDate "2005.09.01"]
[SourceQuality "1"]

1. c4 e5 2. Nc3 d6 3. Nf3 f5 4. d4 e4 5. Ng5 Be7 6. Nh3 c6 7. e3 Nf6 8. Nf4 Na6 9. h4 Nc7 10. Qb3 0-0 11. Bd2 d5 12. cxd5 cxd5 13. Ncxd5 Nfxd5 14. Bc4 Bxh4 15. Ba5 b6 16. Nxd5 Nxd5 17. Bxd5+ Kh8 18. Bb4 f4 19. Bxf8 fxe3 20. Qxe3 Bg5 21. Qxe4 1-0

[Event "Brno Duras BVK op-A"]
[Site "Brno"]
[Date "2004.07.10"]
[Round "8"]
[White "Mlynek, Petr"]
[Black "Pestov, Sergei M"]
[Result "0-1"]
[WhiteElo "2190"]
[BlackElo "2364"]
[PlyCount "46"]
[EventDate "2004.07.??"]
[EventType "swiss"]
[EventRounds "9"]
[EventCountry "CZE"]
[SourceTitle "EXT 2005"]
[Source "ChessBase"]
[SourceDate "2004.11.15"]
[SourceVersion "1"]
[SourceVersionDate "2004.11.15"]
[SourceQuality "1"]

1. d4 e6 2. c4 b6 3. a3 Bb7 4. d5 Qh4 5. e3 Nf6 6. Nc3 exd5 7. g3 Qg4 8. Qxg4 Nxg4 9. Nxd5 Na6 10. Bg2 c6 11. Nf4 Ne5 12. b3 Nc5 13. Bb2 Ned3+ 14. Nxd3 Nxd3+ 15. Kd2 Nxf2 16. Ne2 Nxh1 17. Rxh1 f6 18. Nd4 Kf7 19. Rf1 Bc5 20. Nf5 Rhe8 21. b4 Bf8 22. g4 Kg8 23. h4 a5 0-1

[Event "Brno Duras BVK op-A"]
[Site "Brno"]
[Date "2004.07.03"]
[Round "1"]
[White "Ondrejat, Miroslav"]
[Black "Pestov, Sergei M"]
[Result "0-1"]
[WhiteElo "2072"]
[BlackElo "2364"]
[PlyCount "90"]
[EventDate "2004.07.??"]
[EventType "swiss"]
[EventRounds "9"]
[EventCountry "CZE"]
[SourceTitle "EXT 2005"]
[Source "ChessBase"]
[SourceDate "2004.11.15"]
[SourceVersion "1"]
[SourceVersionDate "2004.11.15"]
[SourceQuality "1"]

1. d4 e6 2. e4 d5 3. Nc3 Bb4 4. e5 b6 5. Nf3 Qd7 6. a3 Bxc3+ 7. bxc3 Qa4 8. Bd3 Ba6 9. 0-0 Bxd3 10. cxd3 Qxd1 11. Rxd1 Nc6 12. a4 f6 13. Re1 Kd7 14. Bd2 Nge7 15. c4 Rab8 16. Bc3 Rhf8 17. Ra2 fxe5 18. dxe5 Rf5 19. Rae2 g5 20. Nd4 Nxd4 21. Bxd4 dxc4 22. dxc4 Kc6 23. Re4 Rd8 24. Be3 Ng6 25. Bc1 Nxe5 26. f3 Nd3 27. Rd1 Rd6 28. Ba3 Nc5 29. Rxd6+ cxd6 30. Bxc5 Rxc5 31. Rxe6 Rxc4 32. a5 bxa5 33. Re7 Kb6 34. Rd7 Rd4 35. Kf2 a4 36. Rxh7 a3 37. Re7 Rd2+ 38. Kg3 a2 39. Re1 d5 40. f4 gxf4+ 41. Kf3 d4 42. h4 Rb2 43. Ra1 d3 44. h5 d2 45. h6 Rb1 0-1

[Event "Hamburg-ch int"]
[Site "Hamburg"]
[Date "1998.06.03"]
[Round "6"]
[White "Pelletier, Yannick"]
[Black "Pestov, Sergei M"]
[Result "1/2-1/2"]
[WhiteElo "2515"]
[BlackElo "2335"]
[PlyCount "72"]
[EventDate "1998.05.29"]
[EventType "swiss"]
[EventRounds "9"]
[EventCountry "GER"]
[SourceTitle "CBM 064 Extra"]
[Source "ChessBase"]
[SourceDate "1998.07.07"]
[SourceVersion "1"]
[SourceVersionDate "1998.07.07"]
[SourceQuality "1"]

1. d4 e6 2. c4 b6 3. a3 Bb7 4. d5 Qh4 5. e3 Nf6 6. Nc3 Ne4 7. Qc2 Nxc3 8. Qxc3 Na6 9. Nf3 Qf6 10. Qxf6 gxf6 11. b4 Nb8 12. Bb2 Be7 13. e4 a5 14. b5 d6 15. Nd4 e5 16. Nb3 Rg8 17. g3 a4 18. Nd2 Nd7 19. Bd3 Nc5 20. Bc2 Bf8 21. Bc3 Bh6 22. Bb4 Bc8 23. h3 Ke7 24. g4 Bf4 25. Ke2 h5 26. f3 Rh8 27. Rag1 Bd7 28. Bxc5 dxc5 29. Nb1 Rh7 30. Nc3 Kd6 31. Nxa4 hxg4 32. hxg4 Rah8 33. Rxh7 Rxh7 34. Rf1 Rh2+ 35. Rf2 Rxf2+ 36. Kxf2 Bc1 1/2-1/2

[Event "Hamburg-ch int"]
[Site "Hamburg"]
[Date "1998.05.31"]
[Round "3"]
[White "Pestov, Sergei M"]
[Black "Rakow, Thorben"]
[Result "1/2-1/2"]
[WhiteElo "2335"]
[BlackElo "2070"]
[PlyCount "97"]
[EventDate "1998.05.29"]
[EventType "swiss"]
[EventRounds "9"]
[EventCountry "GER"]
[SourceTitle "CBM 064 Extra"]
[Source "ChessBase"]
[SourceDate "1998.07.07"]
[SourceVersion "1"]
[SourceVersionDate "1998.07.07"]
[SourceQuality "1"]

1. c4 Nf6 2. Nc3 c5 3. g3 g6 4. Bg2 Bg7 5. e3 d6 6. Nge2 Nc6 7. 0-0 0-0 8. d4 Bd7 9. b3 Rb8 10. Bb2 Re8 11. h3 e5 12. dxc5 dxc5 13. Nd5 Bf5 14. g4 Bc8 15. Ng3 b6 16. Qf3 Bb7 17. Nxf6+ Qxf6 18. Qxf6 Bxf6 19. Ne4 Be7 20. Rfd1 Red8 21. Nc3 Bf6 22. Nd5 Bg7 23. g5 Kf8 24. Kf1 Ne7 25. Nf6 Bxg2+ 26. Kxg2 Bxf6 27. gxf6 Nc6 28. Kf3 Re8 29. Rd6 e4+ 30. Kg3 Nb4 31. Rd7 a6 32. Rad1 Nxa2 33. Ra7 Ra8 34. Rb7 Rab8 35. Rdd7 Rxb7 36. Rxb7 Re6 37. Rb8+ Re8 38. Rxb6 Nb4 39. Ba3 Nd3 40. Rxa6 Re6 41. Ra5 Rxf6 42. Bxc5+ Ke8 43. Bd4 Rf3+ 44. Kg2 Rxf2+ 45. Kg1 Rc2 46. Ra8+ Ke7 47. Ra7+ Ke6 48. Ra6+ Ke7 49. Ra7+ 1/2-1/2

[Event "Hamburg-ch int"]
[Site "Hamburg"]
[Date "1998.05.30"]
[Round "2"]
[White "Bach, Matthias"]
[Black "Pestov, Sergei M"]
[Result "1-0"]
[WhiteElo "2320"]
[BlackElo "2335"]
[PlyCount "49"]
[EventDate "1998.05.29"]
[EventType "swiss"]
[EventRounds "9"]
[EventCountry "GER"]
[SourceTitle "CBM 064 Extra"]
[Source "ChessBase"]
[SourceDate "1998.07.07"]
[SourceVersion "1"]
[SourceVersionDate "1998.07.07"]
[SourceQuality "1"]

1. d4 e6 2. c4 b6 3. g3 Bb7 4. f3 Bb4+ 5. Nc3 f5 6. Nh3 Nf6 7. Bg2 c5 8. dxc5 bxc5 9. 0-0 Bxc3 10. bxc3 Qa5 11. Rb1 Ba6 12. f4 Ne4 13. Bxe4 fxe4 14. Qd6 Nc6 15. f5 exf5 16. Rxf5 Qxc3 17. Bb2 Qe3+ 18. Kh1 Bb7 19. Bxg7 0-0-0 20. Be5 Nxe5 21. Rxe5 Rdf8 22. Rxc5+ Kd8 23. Qc7+ Ke8 24. Re5+ Kf7 25. Qxd7+ 1-0

[Event "Hamburg-ch int"]
[Site "Hamburg"]
[Date "1998.05.29"]
[Round "1"]
[White "Pestov, Sergei M"]
[Black "Nisipeanu, Liviu Dieter"]
[Result "0-1"]
[WhiteElo "2335"]
[BlackElo "2610"]
[PlyCount "84"]
[EventDate "1998.05.29"]
[EventType "swiss"]
[EventRounds "9"]
[EventCountry "GER"]
[SourceTitle "CBM 064 Extra"]
[Source "ChessBase"]
[SourceDate "1998.07.07"]
[SourceVersion "1"]
[SourceVersionDate "1998.07.07"]
[SourceQuality "1"]

1. c4 Nf6 2. Nc3 c5 3. g3 e6 4. Nf3 b6 5. Bg2 Bb7 6. 0-0 Be7 7. b3 0-0 8. Bb2 d6 9. d4 cxd4 10. Qxd4 a6 11. Rad1 Nc6 12. Qf4 Qc7 13. Rd2 Ne5 14. e4 Nfg4 15. Nxe5 Nxe5 16. Qe3 Bc6 17. f4 Ng4 18. Qe2 Nf6 19. h3 Rfe8 20. Kh2 Rac8 21. Rfd1 h6 22. e5 dxe5 23. fxe5 Nh7 24. Ne4 Ng5 25. Nd6 Bxd6 26. exd6 Qd7 27. h4 Bxg2 28. hxg5 Bb7 29. gxh6 e5 30. hxg7 Kxg7 31. g4 Re6 32. Kg3 Rce8 33. Rf1 Rg6 34. Bxe5+ Kg8 35. Rf4 Rg5 36. Rf5 Qxf5 37. d7 Qxe5+ 38. Qxe5 Rgxe5 39. dxe8Q+ Rxe8 40. Rd7 Be4 41. Rd6 Re6 42. Rxe6 fxe6 0-1

[Event "Duesseldorf"]
[Site "Duesseldorf"]
[Date "1994.??.??"]
[Round "7"]
[White "Pestov, Sergei M"]
[Black "Mueller, Matthias"]
[Result "1/2-1/2"]
[WhiteElo "2360"]
[BlackElo "2320"]
[PlyCount "97"]
[EventDate "1994.??.??"]
[EventType "tourn"]
[EventRounds "9"]
[EventCountry "GER"]
[EventCategory "3"]
[SourceTitle "EXT 1997"]
[Source "ChessBase"]
[SourceDate "1996.11.15"]
[SourceVersion "1"]
[SourceVersionDate "1996.11.15"]
[SourceQuality "1"]

1. c4 Nf6 2. Nc3 d6 3. d4 e5 4. Nf3 e4 5. Ng5 Bf5 6. Qb3 Qc8 7. f3 exf3 8. gxf3 Be7 9. Bg2 h6 10. Nge4 Nc6 11. d5 Ne5 12. Nf2 g5 13. h4 gxh4 14. Be3 c6 15. Bh3 b5 16. Bxf5 Qxf5 17. cxb5 c5 18. 0-0-0 Ng6 19. Qa4 Nd7 20. b6 0-0 21. b7 Rab8 22. Ng4 Kh7 23. Nxh6 Qe5 24. Ng4 Qf5 25. Qxa7 Nf6 26. Nxf6+ Bxf6 27. Ne4 Be5 28. Rd2 Qd7 29. f4 Bg7 30. Qa6 Rfe8 31. Qc6 Qe7 32. Ng5+ Kg8 33. Rh3 Qxb7 34. Qxb7 Rxb7 35. f5 Ne5 36. Rxh4 Ra8 37. b3 c4 38. bxc4 Rab8 39. Rc2 Rb1+ 40. Kd2 Bf6 41. Re4 Rf1 42. Rxe5 Bxe5 43. Nf3 f6 44. c5 dxc5 45. Bxc5 Bf4+ 46. Kd3 Re8 47. a3 Rd1+ 48. Kc4 Re4+ 49. Kb5 1/2-1/2

[Event "Moscow B"]
[Site "Moscow"]
[Date "1994.??.??"]
[Round "1"]
[White "Pestov, Sergei M"]
[Black "Vesselovsky, Serguei"]
[Result "1-0"]
[WhiteElo "2360"]
[BlackElo "2455"]
[PlyCount "129"]
[EventDate "1994.??.??"]
[EventType "tourn"]
[EventRounds "11"]
[EventCountry "RUS"]
[EventCategory "7"]
[SourceTitle "CBM 041"]
[Source "ChessBase"]
[SourceDate "1994.08.01"]
[SourceVersion "1"]
[SourceVersionDate "1994.08.01"]
[SourceQuality "1"]

1. c4 c5 2. Nc3 g6 3. g3 Bg7 4. Bg2 Nc6 5. e3 e6 6. Nge2 Nge7 7. 0-0 0-0 8. d4 cxd4 9. Nxd4 d5 10. cxd5 Nxd5 11. Nxc6 bxc6 12. Na4 Ba6 13. Re1 Qe7 14. a3 Rab8 15. Qc2 Bb5 16. e4 Bxa4 17. Qxa4 Nb6 18. Qc2 Bd4 19. Bf4 e5 20. Bh6 Rfd8 21. h4 c5 22. Rab1 c4 23. Bf1 Rbc8 24. a4 Qb4 25. Bg5 f6 26. Bh6 Qxa4 27. b3 cxb3 28. Qxb3+ Qxb3 29. Rxb3 Rc2 30. Rf3 Rd6 31. Be2 Kf7 32. Bd1 Rc3 33. Bb3+ Ke7 34. Rxc3 Bxc3 35. Rc1 Bd2 36. Rc7+ Nd7 37. Bxd2 Rxd2 38. Rxa7 h6 39. Ba4 Rd6 40. Kg2 Rd4 41. h5 g5 42. Kf3 Ke6 43. Ra6+ Ke7 44. Bxd7 Rxd7 45. Kg4 Rd3 46. Ra7+ Ke6 47. Rh7 Rd4 48. Kf3 g4+ 49. Kxg4 Rxe4+ 50. Kf3 Ra4 51. Rxh6 Ra3+ 52. Kg2 Ra2 53. g4 Ra4 54. f3 e4 55. g5 Kf5 56. g6 exf3+ 57. Kxf3 Ra3+ 58. Ke2 Ra2+ 59. Kd3 Ra3+ 60. Kd4 Ra4+ 61. Kc5 Rg4 62. Rh7 Ke6 63. g7 f5 64. h6 f4 65. Rh8 1-0

[Event "Moscow6"]
[Site "Moscow"]
[Date "1991.??.??"]
[Round "?"]
[White "Pestov, Sergei M"]
[Black "Muratov, Vladimir A"]
[Result "1/2-1/2"]
[WhiteElo "2300"]
[BlackElo "2415"]
[PlyCount "63"]
[EventDate "1991.??.??"]
[EventType "swiss"]
[EventRounds "9"]
[EventCountry "URS"]
[SourceTitle "TD"]
[Source "ChessBase"]
[SourceDate "1994.03.01"]
[SourceVersion "1"]
[SourceVersionDate "1994.03.01"]
[SourceQuality "1"]

1. e4 e6 2. d4 d5 3. Nc3 Bb4 4. e5 Qd7 5. Nf3 b6 6. Bd2 Bxc3 7. Bxc3 Ne7 8. b4 Ba6 9. Bxa6 Nxa6 10. a4 c5 11. b5 Nc7 12. 0-0 0-0 13. Qd3 c4 14. Qd2 a6 15. a5 Nxb5 16. axb6 Rfb8 17. Ba5 Nc6 18. Rfb1 Nxa5 19. Qxa5 Qc6 20. h4 Rxb6 21. h5 h6 22. Qd2 Rab8 23. Kh1 Qe8 24. g4 Nxd4 25. Rxb6 Nxf3 26. Qb4 Rxb6 27. Qxb6 Qe7 28. Kg2 Nh4+ 29. Kg3 Qg5 30. f4 Nf5+ 31. Kf3 Nh4+ 32. Kg3 1/2-1/2